| 000 | 00839cab a2200253 4500 | ||
|---|---|---|---|
| 001 | ABS52373 | ||
| 008 | 090401t1995 xxu||||| |||| 00| 0 eng d | ||
| 035 | _a(Sirsi) u75073 | ||
| 041 | _aeng | ||
| 100 | _aSanderson, P. | ||
| 245 | _aChanges to the non-domestic rating regulations - plant and machinery | ||
| 260 | _c1995 | ||
| 350 | _a0 | ||
| 490 |
_aCSM (Chartered Surveyor Monthly) _v4(4) February 1995, 32(1) |
||
| 520 | _aConsiders how the Valuation for Rating (Plant and Machinery) Regulations 1994 will effect the rateability of plant and machinery from 1 April 1995. | ||
| 650 | _aDEMOLITION TEST | ||
| 650 | _aPLANT AND MACHINERY | ||
| 650 | _aRECEIPTS AND EXPENDITURE VALUATION METHOD | ||
| 650 | _aRATING | ||
| 650 | _aVALUATION METHODS | ||
| 690 | _aRATING AND VALUATION | ||
| 942 | _n0 | ||
| 948 | _c04/03/1997 | ||
| 999 |
_c47298 _d47298 |
||